Les 3 plus grandes villes de France commençant par A-Z - Statistiques

Statistiques générales
  • Ce quiz a été pris 658 fois
  • Le résultat moyen est 34 sur 72
Statistiques - réponses
Lettre Population Réponse % Correct
B 260 958 Bordeaux
94%
P 2 165 423 Paris
94%
M 870 731 Marseille
93%
L 522 969 Lyon
91%
N 318 808 Nantes
90%
T 493 465 Toulouse
90%
L 234 475 Lille
89%
N 342 669 Nice
89%
S 287 228 Strasbourg
89%
R 220 488 Rennes
87%
H (Le) 168 290 Le Havre
85%
A 155 850 Angers
84%
M 295 542 Montpellier
84%
A 134 706 Amiens
82%
R 112 321 Rouen
82%
B 139 926 Brest
81%
M (Le) 143 847 Le Mans
81%
G 158 198 Grenoble
79%
D 158 002 Dijon
78%
T 178 745 Toulon
78%
R 181 194 Reims
77%
O 116 269 Orléans
76%
C 106 230 Caen
75%
S 173 821 Saint-Étienne
75%
Q 63 283 Quimper
71%
T 137 087 Tours
69%
C 147 865 Clermont-Ferrand
67%
N 148 561 Nîmes
67%
P 119 344 Perpignan
64%
V 152 212 Villeurbanne
59%
P 89 212 Poitiers
58%
D 86 279 Dunkerque
57%
S 153 810 Saint-Denis (Réunion)
57%
L 130 876 Limoges
56%
A 145 133 Aix-en-Provence
53%
V 84 808 Versailles
52%
B 121 583 Boulogne-Billancourt
51%
E 66 851 Évry-Courcouronnes
46%
E 46 349 Évreux
40%
C 93 246 Créteil
38%
I 67 981 Issy-les-Moulineaux
33%
U (Les) 25 024 Les Ulis
33%
I 63 748 Ivry-sur-Seine
32%
F 76 512 Fort-de-France
30%
H 54 821 Hyères
29%
F 54 458 Fréjus
24%
I 43 626 Istres
23%
O 28 772 Orange
23%
V 95 510 Vitry-sur-Seine
23%
K 24 903 Kourou
22%
W 40 898 Wattrelos
20%
D 72 376 Drancy
19%
Y 29 318 Yerres
19%
Q 12 220 Quimperlé
18%
U 9 358 Ussel
14%
J 38 444 Joué-lès-Tours
12%
W 20 860 Wasquehal
12%
J 19 652 Joinville-le-Pont
11%
J 17 454 Juvisy-sur-Orge
11%
G 48 530 Gennevilliers
10%
G 48 870 Grasse
10%
K (Le) 24 971 Le Kremlin-Bicêtre
10%
E 54 611 Épinay-sur-Seine
9%
H 35 196 Haguenau
8%
U 10 418 Urrugne
8%
F 52 008 Fontenay-sous-Bois
7%
K 32 156 Koungou
7%
Q (La) 12 051 La Queue-en-Brie
7%
Y 12 838 Yzeure
7%
W 15 075 Wattignies
6%
O 27 209 Orvault
3%
Y 17 143 Yutz
1%
Aucun quiz correspondant
Distribution des résultats
% des personnes avec chaque résultat
Percentile par nombre de réponses
Votre historique - résultats
Vous n’avez pas pris ce quiz